000 01008 a2200241 4500
020 _a0072493836
040 _aDLC
_bDLC
082 0 0 _a384/.0973
100 1 _aDominick, Joseph R.
245 1 0 _aBroadcasting, cable, the Internet, and beyond: an introduction to modern electronic media
_ban introduction to modern electronic media
_cJoseph R. Dominick, Fritz Messere, Barry L. Sherman.
250 _a5th ed.
260 _aBoston :
_bMcGraw-Hill,
_cc2004.
300 _axvii, 335, [13] p. :
_bill. ;
_c26 cm.
650 0 _aBroadcasting
_zUnited States.
650 0 _aCable television
_zUnited States.
650 0 _aInternet
_zUnited States.
650 0 _aTelecommunication
_zUnited States.
700 1 _aMessere, Fritz.
700 1 _aSherman, Barry L.
856 4 1 _3Table of contents only
_uhttp://www.loc.gov/catdir/enhancements/fy0701/2003043014-t.html
856 4 1 _3Contributor biographical information
_uhttp://www.loc.gov/catdir/enhancements/fy0737/2003043014-b.html
942 _cBK
_k384.0973 DOM
_2ddc
999 _c7467
_d7467